|
|
|
|
| LEADER |
01077nam a22002897a 4500 |
| 001 |
41251 |
| 003 |
BD-DhAAL |
| 008 |
230529t1942 ii bs 001 0 eng d |
| 040 |
|
|
|a DLC
|c DLC
|d DLC
|d BD-DhAAL
|
| 043 |
|
|
|a a-ii---
|
| 082 |
0 |
0 |
|a 338.0954
|
| 100 |
1 |
|
|a Gadgil, D. R.
|q (Dhananjaya Ramchandra),
|d 1901-1971.
|9 54405
|
| 245 |
1 |
4 |
|a The industrial evolution of India in recent times /
|c D. R. Gadgil.
|
| 250 |
|
|
|a Fourth edition.
|
| 260 |
|
|
|a Bombay :
|b Oxford University Press,
|c 1942.
|
| 300 |
|
|
|a xxiv, 342 pages ;
|c 22 cm.
|
| 350 |
|
|
|a Rs25.00
|
| 500 |
|
|
|a Includes index.
|
| 541 |
|
|
|a Donated By Akbar Ali Khan
|e 41251
|
| 650 |
|
0 |
|a Industrialization
|z India.
|9 54406
|
| 650 |
|
0 |
|a Agriculture
|x Economic aspects
|z India.
|
| 650 |
|
0 |
|a Economics.
|
| 651 |
|
0 |
|a India
|x Economic conditions.
|
| 852 |
|
|
|a Ayesha Abed Library
|c Akbar Ali Khan Collection
|
| 942 |
|
|
|2 ddc
|c BK
|
| 999 |
|
|
|c 45813
|d 45813
|
| 952 |
|
|
|0 0
|1 0
|2 ddc
|4 0
|6 338_095400000000000_GAD
|7 1
|9 73693
|a BRACUL
|b BRACUL
|c AAKC
|d 2023-05-29
|e Donated By Akbar Ali Khan
|l 0
|o 338.0954 GAD
|p 3010041251
|r 2023-05-29
|t 1
|w 2023-05-29
|y BK
|